000 00851nam a2200265Ia 4500
003 OSt
005 20220930093230.0
006 a|||||r|||| 00| 0
007 ta
008 220926b |||||||| |||| 00| 0 eng d
024 _a35649
037 _cTheses
040 _aCRL
_cCRL
_beng
041 _2eng
_aeng
100 _aGOYAL Nitin Au.
_9551281
110 _aUniversity of Delhi. Arts. History
_9551282
245 0 _aDynamics of Natural Resources Management
_b An Environmental History of North Western Rajasthan (1746 -1887 AD).
260 _c2016
300 _a282p.
_ap.
_ccm.
700 _a Prof. Abha Singh Gu.
_9551283
700 _a Prof. R. C. Thakran Gu.
700 _aUniversity of Delhi. Arts. History
_9551284
942 _cDIS
_2CC
999 _c885053
_d885053